000 00307nam a2200133Ia 4500
005 20260328104341.0
008 260328s9999||||xx |||||||||||||| ||und||
100 _aFeng, Zhao
245 0 _aLa Historia de la Seda /
_cZhao Feng
260 _bPopular
300 _a129 p.
650 _aHISTORIA
942 _cBK
999 _c12124
_d12124